000
00313nam a2200109Ia 4500
008
171211s9999 xx 000 0 und d
245
_a
Less is More: 101 Ways to Simplify Your Life
245
_c
Domonique Bertolucci
260
_c
2014
650
_x
FITNESS
856
_u
http://down.ebook777.com/062/1742707513.pdf
999
_c
349089
_d
349089